The public sector and educational expenditures in Latin America /

Guardat en:
Dades bibliogràfiques
Autor principal: Rezende, Fernando
Format: Text
Etiquetes: Afegir etiqueta
Sense etiquetes, Sigues el primer a etiquetar aquest registre!

MARC

LEADER 00000 a a2200000 04500
001 45642
003
040
100 |a Rezende, Fernando  
245 |a The public sector and educational expenditures in Latin America /  |c Fernando Rezende  
773 |g páginas 122-145 : tablas  
999 |c 23407  |d 23407